Complete the Titles of Songs by Madonna (1980s) - Statistics

General Stats
  • This quiz has been taken 112 times
  • The average score is 12 of 15
Answer Stats
Answer % Correct
Material {Girl}
99%
Who’s That {Girl}
99%
Crazy For {You}
98%
Like A {Virgin}
97%
Papa Don’t {Preach}
97%
Open Your {Heart}
91%
La Isla {Bonita}
90%
Like A {Prayer}
87%
Lucky {Star}
87%
True {Blue}
78%
Express {Yourself}
76%
Into The {Groove}
71%
Live To {Tell}
68%
Causing A {Commotion}
46%
Oh {Father}
31%
No matching quizzes found
Score Distribution
Percent of People with Each Score
Percentile by Number Answered
Your Score History
You have not taken this quiz